Problems and Solutions of Mathematics for Engineers with Essential Theory / (Record no. 189548)
[ view plain ]
| 000 -LEADER | |
|---|---|
| fixed length control field | 01616 a2200181 4500 |
| 003 - CONTROL NUMBER IDENTIFIER | |
| control field | Nust |
| 005 - DATE AND TIME OF LATEST TRANSACTION | |
| control field | 20221117122635.0 |
| 020 ## - INTERNATIONAL STANDARD BOOK NUMBER | |
| International Standard Book Number | 978-81-239-1968-3 |
| 040 ## - CATALOGING SOURCE | |
| Transcribing agency | Nust |
| 082 ## - DEWEY DECIMAL CLASSIFICATION NUMBER | |
| Classification number | 621.38,SAR |
| 100 ## - MAIN ENTRY--PERSONAL NAME | |
| Personal name | I.J.S.Sarna |
| 9 (RLIN) | 102834 |
| 245 ## - TITLE STATEMENT | |
| Title | Problems and Solutions of Mathematics for Engineers with Essential Theory / |
| Statement of responsibility, etc. | I.J.S.Sarna |
| 260 ## - PUBLICATION, DISTRIBUTION, ETC. | |
| Place of publication, distribution, etc. | New Delhi |
| Name of publisher, distributor, etc. | CBS Publishers And Distributors Pvt Ltd |
| Date of publication, distribution, etc. | 2011 |
| 300 ## - PHYSICAL DESCRIPTION | |
| Extent | Various Pages |
| 505 ## - FORMATTED CONTENTS NOTE | |
| Formatted contents note | Successive Differentiation (Page-1.38), Mean value theorems, taylor theorem with remainder, taylor,s Series and expansions of functions (Page-2.47), Definite integrals (Page-3.47), Reduction formulae (Page-4.39), Elements of curve tracing and standard curves (Page-5.23), Areas of plane Curves (Page-6.32), Lengths of plane curves (Page-7.21), Volumes and surfaces of solids of revolution (Page-8.42), Centroids, centers of gravity and theorems of pappus (Page-9.31), Infinite Series (Page-10.40), Partial Differentiation (Page-11.88), Applications of Partial Derivatives (Page-12.70), Multiple Integrals (Page-13.69), Vector Calculuc (Page-14.104), Linear algebra Matrix eigenvalue problems (Page-16.40), Ordinary differential equations of first order (Page-17.54), Linear differential equations (Page-18.72), Partial differential equations (Page-19.48), Applications of partial differential equations (Page-20.55), Laplace transformation (Page-21.53), Finite differences and interpolation (Page-22.44), Numerical differentation and integration (Page-23.38), Statistic and probability (Page-24.174). |
| 650 ## - SUBJECT ADDED ENTRY--TOPICAL TERM | |
| Topical term or geographic name entry element | Telecommunication Engineering |
| 942 ## - ADDED ENTRY ELEMENTS (KOHA) | |
| Source of classification or shelving scheme | |
| Koha item type | Book |
| Withdrawn status | Lost status | Source of classification or shelving scheme | Damaged status | Not for loan | Permanent Location | Current Location | Shelving location | Date acquired | Full call number | Barcode | Date last seen | Price effective from | Koha item type | Public note |
|---|---|---|---|---|---|---|---|---|---|---|---|---|---|---|
| Military College of Signals (MCS) | Military College of Signals (MCS) | General Stacks | 12/12/2016 | 621.38,SAR | MCS35147 | 12/08/2016 | 12/12/2016 | Book | Almirah No.30, Shelf No.5 |
